| 000 | 00802nam a22001937a 4500 | ||
|---|---|---|---|
| 999 |
_c165396 _d165396 |
||
| 005 | 20190617122237.0 | ||
| 010 | _aUR-10206 | ||
| 020 |
_c200.00 _a9789388105033 |
||
| 035 | _aU-8761 | ||
| 037 | _bDBAD/PUB | ||
| 082 | _a841.420 | ||
| 100 | _aا نصا ر ی محمد و حيد ا للہ ہند ی گو ر کھپو ر ی | ||
| 245 |
_aکليا ت ہند ی گو ر کھپو ر ی _cنصا ر ی محمد و حيد ا للہ ہند ی گو ر کھپو ر ی |
||
| 246 |
_bKulliyat-e-Hindi(Urdu) _aComp.and Ed. by Saleem Ahmed/Samina Adeeb Zia |
||
| 260 |
_a Delhi _bEducational Publishing House _c2018 ء |
||
| 270 |
_a3191،Vakil Street,Kucha Pandit,Lal Kuan, _bDelhi _e110006 _k23216162 _l00911123211540 |
||
| 300 |
_a408 ص _c22 Cm(Hb) |
||
| 942 |
_2ddc _cUR _h841.420 _mا ن ص |
||